| 000 | 00524nam a22001697a 4500 | ||
|---|---|---|---|
| 005 | 20240606134731.0 | ||
| 008 | 230614b |||||||| |||| 00| 0 eng d | ||
| 020 | _a9780470477250 | ||
| 082 |
_a006.76 _bWIL-B |
||
| 100 | _aWilliams,Ians | ||
| 245 |
_aBeginning XSLT and XPath : _btransforming XML documents and data / _cLans William |
||
| 260 |
_aUSA: _bWiley; _c2009. |
||
| 300 |
_axxi 397 p. : _bill; _c23 cm. |
||
| 500 | _ainclude index. | ||
| 650 | _acomputer science/ web operating system | ||
| 999 |
_c18749 _d18749 |
||